000 00617nam a2200193 a 4500
005 20210219152858.0
008 991125n 000 0 spa u
035 _aUPN01000064851
100 _aMEUELER, Erhard
222 _aEDUCACION : COLECCION SEMESTRAL DE APORTACIONES PEDAGOGICAS ALEMANAS RECIENTES EN LAS CIENCIAS PEDAGOGICAS
245 _aEl arte del acompañamiento : una contribución a la formación de adultos
300 _a39-53
362 _a1988 Vol. 37
653 0 _aAPRENDIZAJE
653 0 _aEDUCACION DE ADULTOS
653 0 _aRELACIONES HUMANAS
904 _aAC
_b002662
905 _aArticulo
999 _c62772
_d62772